| 000 | 00882nam a22002777a 4500 | ||
|---|---|---|---|
| 003 | CHAP | ||
| 005 | 20220329140051.0 | ||
| 008 | 971013s r 00010 d | ||
| 010 | _a46454 | ||
| 011 | _a47426 | ||
| 035 | _a51568 | ||
| 040 | _cCHAP | ||
| 090 | _aMP-24 | ||
| 100 | 0 | 0 |
_aThompson, J. Eric. _9112901 |
| 245 | 1 | _aSky bearers, colors and diections in maya and mexican religion | |
| 500 | _a(En: Contributions to American Archaeology. 2(5-12) 1934 p. 209-242 | ||
| 590 |
_aBATCH-UPD _b10 _c20130110 _lUCH01 _h0919 |
||
| 590 |
_aBATCH-UPD _b10 _c20130410 _lUCH01 _h0541 |
||
| 590 |
_aBATCH-UPD _b10 _c20130914 _lUCH01 _h0512 |
||
| 590 |
_aCONVERSION _b10 _c20130109 _lUCH01 _h1325 |
||
| 650 | 1 | 4 |
_aAztecas _xReligión y mitología. _99199 |
| 650 | 1 | 4 |
_aMayas _xReligión y mitología. _973215 |
| 901 | _aBK | ||
| 942 | _cMP | ||
| 949 |
_aMP-24 _bBC _cMP _d-115256 _eMP _i51568 _si |
||
| 999 |
_c46454 _d46454 |
||